[Event "Scarborough CC Fall Swiss"]
[Site "Toronto"]
[Date "2008.11.20"]
[Round "4"]
[White "Samaroo, Muneshwar"]
[Black "Armstrong, Robert J"]
[Result "0-1"]
[WhiteElo "1646"]
[BlackElo "1804"]
[PlyCount "132"]
[EventDate "2008.10.30"]
[EventType "swiss"]
[EventRounds "8"]
[EventCountry "CAN"]
[SourceTitle "EXT 2011"]
[Source "ChessBase"]
[SourceDate "2010.11.26"]
[SourceVersion "1"]
[SourceVersionDate "2010.11.26"]
[SourceQuality "1"]

1. e4 g6 2. Nf3 Bg7 3. d4 d6 4. Bc4 Nf6 5. Nbd2 Nxe4 6. Bxf7+ Kxf7 7. Nxe4 Rf8 8. 0-0 Kg8 9. c3 d5 10. Qb3 Nc6 11. Nc5 Na5 12. Qc2 b6 13. Nd3 Bf5 14. b3 c5 15. Qe2 Bg4 16. Qe3 Bxf3 17. gxf3 cxd4 18. cxd4 Qd6 19. Re1 Rae8 20. f4 Nc6 21. Ne5 Bh6 22. Nxc6 Qxc6 23. Qe6+ Qxe6 24. Rxe6 Bxf4 25. Bxf4 Rxf4 26. Rd1 Rf6 27. Re5 e6 28. Rc1 Kf7 29. Rc7+ Re7 30. Rc6 Rf4 31. Re3 Rxd4 32. Rf3+ Kg7 33. Kf1 e5 34. Ke2 Re4+ 35. Kd2 Rf4 36. Ke2 Kh6 37. Rh3+ Kg5 38. Rg3+ Kf5 39. h3 h5 40. Rgxg6 Ke4 41. Rg5 h4 42. Rc3 d4 43. f3+ Kd5 44. Rd3 Ref7 45. a3 a5 46. a4 R7f6 47. Rg8 e4 48. Rd8+ Kc5 49. Rc8+ Rc6 50. Rxc6+ Kxc6 51. fxe4 Rxe4+ 52. Kf3 Kd5 53. Kf2 Rf4+ 54. Kg2 Ke4 55. Rd1 d3 56. Rc1 d2 57. Rc8 d1Q 58. Re8+ Kf5 59. Rf8+ Kg6 60. Rxf4 Qc2+ 61. Kg1 Qc1+ 62. Rf1 Qe3+ 63. Rf2 Kg5 64. Kg2 Qg3+ 65. Kf1 Qxh3+ 66. Kg1 Qxb3 0-1

[Event "Scarborough CC Spring Swiss"]
[Site "Toronto"]
[Date "2008.03.27"]
[Round "3"]
[White "Samaroo, Muneshwar"]
[Black "Wang, Jesse"]
[Result "0-1"]
[WhiteElo "1590"]
[BlackElo "1874"]
[PlyCount "37"]
[EventDate "2008.03.13"]
[EventType "swiss"]
[EventRounds "8"]
[EventCountry "CAN"]
[SourceTitle "EXT 2011"]
[Source "ChessBase"]
[SourceDate "2010.11.26"]
[SourceVersion "1"]
[SourceVersionDate "2010.11.26"]
[SourceQuality "1"]

1. e4 c5 2. Nf3 d6 3. Bc4 e6 4. Nc3 Nf6 5. d3 Be7 6. 0-0 0-0 7. a3 d5 8. Ba2 Nc6 9. h3 d4 10. Ne2 Qd6 11. Bf4 e5 12. Bd2 h6 13. Nh2 b5 14. f4 c4 15. c3 Qc5 16. Kh1 Ba6 17. Rf3 b4 18. Bxc4 dxc3 19. bxc3 0-1

[Event "Scarborough CC-ch reserves"]
[Site "Toronto"]
[Date "2008.01.17"]
[Round "3"]
[White "Samaroo, Muneshwar"]
[Black "Dattani, Dinesh"]
[Result "0-1"]
[WhiteElo "1590"]
[BlackElo "1386"]
[PlyCount "81"]
[EventDate "2008.01.03"]
[EventType "swiss"]
[EventRounds "10"]
[EventCountry "CAN"]
[SourceTitle "EXT 2011"]
[Source "ChessBase"]
[SourceDate "2010.11.26"]
[SourceVersion "1"]
[SourceVersionDate "2010.11.26"]
[SourceQuality "1"]

1. e4 e5 2. Nf3 Nc6 3. Bb5 a6 4. Ba4 Nf6 5. 0-0 b5 6. Bb3 Be7 7. c3 d6 8. Re1 Bg4 9. d3 0-0 10. Be3 d5 11. exd5 Nxd5 12. h3 Bh5 13. Nbd2 Nxe3 14. fxe3 Qxd3 15. Bc2 Qd8 16. Be4 Qd6 17. Qc2 Qh6 18. Bxc6 Qxc6 19. Nxe5 Qd6 20. Nef3 Qc5 21. Nd4 Bh4 22. Rf1 Qe5 23. e4 Bg6 24. Nf5 Qc5+ 25. Kh1 Bf6 26. Nh6+ Kh8 27. Nf5 Rad8 28. Rae1 b4 29. Nb3 Qc6 30. c4 Rfe8 31. Qe2 Be5 32. Nh4 Re6 33. Nxg6+ Rxg6 34. Rxf7 Rf6 35. Rf1 Rxf1+ 36. Rxf1 Qg6 37. Qf3 h6 38. Rf2 Qg3 39. Qxg3 Bxg3 40. Rd2 Rxd2 41. Nxd2 0-1

[Event "Scarborough CC Fall Swiss"]
[Site "Toronto"]
[Date "2007.12.06"]
[Round "6"]
[White "Rutherdale, William"]
[Black "Samaroo, Muneshwar"]
[Result "1-0"]
[WhiteElo "1820"]
[BlackElo "1590"]
[PlyCount "71"]
[EventDate "2007.11.01"]
[EventType "swiss"]
[EventRounds "7"]
[EventCountry "CAN"]
[SourceTitle "EXT 2022"]
[Source "ChessBase"]
[SourceDate "2021.10.06"]
[SourceVersion "1"]
[SourceVersionDate "2021.10.06"]
[SourceQuality "1"]

1. d4 Nf6 2. c4 e6 3. Nc3 Bb4 4. Qc2 c5 5. e3 Nc6 6. Nf3 d6 7. Bd3 Qa5 8. Bd2 Bxc3 9. Bxc3 Nb4 10. Qd2 Nxd3+ 11. Qxd3 Qa6 12. dxc5 dxc5 13. Bxf6 gxf6 14. 0-0-0 Ke7 15. Kb1 Qc6 16. Rd2 Bd7 17. Rhd1 Rhd8 18. Qxh7 Be8 19. Rxd8 Rxd8 20. Rxd8 Kxd8 21. h4 Qd6 22. Kc2 Ke7 23. h5 Bc6 24. Nh4 Kf8 25. h6 Qe5 26. Qg7+ Ke8 27. h7 Be4+ 28. Kb3 Bxh7 29. Qxh7 Qd6 30. Nf3 a5 31. Kc2 Qb6 32. Qg8+ Ke7 33. Qc8 Qb4 34. Nd2 a4 35. Qc7+ Kf8 36. a3 1-0